000 00258nam a2200109Ia 4500
008 220204s9999 xx 000 0 und d
082 _a82-3
_bHEJ
100 _aHejinian, J
245 0 _aExtreme remedies
260 _aLondon
_bJohn Hejinain
_c1974
942 _cBK
999 _c33905
_d33905